Barros Arana historiador. Por C. S. C.

Guardat en:
Dades bibliogràfiques
Autor principal: Silva Cotapos, Carlos (Autor)
Format: Llibre
Idioma:espanyol
Publicat: Santiago Imprenta de San José, Avenida Condell, 33 1913
Edició:1a. ed
Matèries:
Etiquetes: Afegir etiqueta
Sense etiquetes, Sigues el primer a etiquetar aquest registre!

MARC

LEADER 00000nam a2200000 a 4500
001 UCJ6647
003 CL-VaPUC
008 070124e19130000CL |||||||||||||||||spa|d
082 0 4 |a 928  |b SIL  |2 21 
100 0 |a Silva Cotapos, Carlos  |e author  |9 513661 
245 1 0 |a Barros Arana historiador. Por C. S. C.  
250 |a 1a. ed 
300 |a 23 p 
942 |c BK 
945 |d 20070124 00:00:00  |a rinostro 
260 |a Santiago  |b Imprenta de San José, Avenida Condell, 33  |c 1913 
500 |a Esta monografía, en realidad un folleto, se encuentra, junto a otras, empastada en un volumen rotulado Silva Cotapos, Estudios Históricos y se ubica en 922 SIL 
600 0 |a Barros Arana, Diego  |9 316241 
650 7 |a BIOGRAFIA  |2 CL-VaPUC  |9 504622 
650 0 |a Historiografía   |9 257871 
650 0 |a Historiadores  |9 314498 
583 |a last modification  |c 20070124 00:00:00  |k Rodrigo Vera 
999 |c 322749  |d 322747 
952 |0 0  |1 0  |4 0  |6 928_000000000000000_SIL_1913  |7 0  |8 X  |9 401818  |a FDOBUD  |b FDOBUD  |d 2019-11-22  |i 1050672  |o 928 SIL 1913  |p 1050672  |r 2019-11-22  |w 2019-11-22  |y BK_X  |k BUD